Vainqueur par étapes du Giro 2024 - Statistiques

Statistiques générales
  • Ce quiz a été pris 53 fois
  • Le résultat moyen est 16 sur 21
Statistiques - réponses
Nb etape Winner % Correct
2 Pogacar
98%
7 Pogacar
98%
8 Pogacar
98%
15 Pogacar
98%
16 Pogacar
98%
20 Pogacar
98%
4 Milan
81%
11 Milan
81%
13 Milan
81%
3 Merlier
79%
18 Merlier
79%
21 Merlier
79%
12 Alaphilippe
73%
1 Narvaez
67%
10 Paret Peintre
67%
5 Thomas
63%
14 Ganna
60%
6 Sanchez
44%
9 Kooij
42%
17 Steinhauser
40%
19 Vendrame
35%
Aucun quiz correspondant
Distribution des résultats
% des personnes avec chaque résultat
Percentile par nombre de réponses
Votre historique - résultats
Vous n’avez pas pris ce quiz